LIBRARY & INFORMATION CENTRE, KCAET, TAVANUR

ONLINE PUBLIC ACCESS CATALOGUE (OPAC)

Heat transmission / (Record no. 5632)

MARC details
000 -LEADER
fixed length control field 00526cam a2200181ua 4500
041 ## - LANGUAGE CODE
Language code of text/sound track or separate title eng
082 ## - DEWEY DECIMAL CLASSIFICATION NUMBER
Classification number 621.4022
Item number KIR/HE
100 ## - MAIN ENTRY--AUTHOR NAME
Personal name Kirkpatrictrick, .
245 00 - TITLE STATEMENT
Title Heat transmission /
250 ## - EDITION STATEMENT
Edition statement 3 /
260 ## - PUBLICATION, DISTRIBUTION, ETC. (IMPRINT)
Place of publication New York :
Name of publisher McGraw Hill Book Company ,
Year of publication 1960.
300 ## - PHYSICAL DESCRIPTION
Number of Pages 532 ; .
490 0# - SERIES STATEMENT
Series statement McGraw Hill Series in Chemical Engineering,
Volume number/sequential designation
942 ## - ADDED ENTRY ELEMENTS (KOHA)
Koha item type Books
Holdings
Withdrawn status Lost status Damaged status Home library Current library Date acquired Full call number Accession Number Koha item type
      KAUAET KAUAET 07/04/2012 621.4022 1823 Books
free website counter